Globalizace a její vlil na spotřebitele

Všeobecná charakteristika globalizácie. Tri vývojové fázy globalizácie. Problémy globalizácie a ich dopad na spotrebiteľa. Globalizácia ekonomiky. Globalizácia kulrúry. Globalizácia životného prostredia. Nadnárodné spoločnosti. Možnosti ovplyvnenia negatívnych dopadov globalizácie.

Gespeichert in:
Bibliographische Detailangaben
1. Verfasser: Novotný, Josef
Format: Buchkapitel
Sprache:Tschechisch
Schlagworte:
Tags: Tag hinzufügen
Keine Tags, Fügen Sie das erste Tag hinzu!

MARC

LEADER 00000nla$a2200000$$$4500
001 0122490
005 20221207082140.8
041 0 |a cze 
044 |a CZ 
245 1 0 |a Globalizace a její vlil na spotřebitele  |c Josef Novotný 
520 |a Všeobecná charakteristika globalizácie. Tri vývojové fázy globalizácie. Problémy globalizácie a ich dopad na spotrebiteľa. Globalizácia ekonomiky. Globalizácia kulrúry. Globalizácia životného prostredia. Nadnárodné spoločnosti. Možnosti ovplyvnenia negatívnych dopadov globalizácie. 
610 2 0 |a globalizácia 
610 2 0 |a globalizácia hospodárstva 
610 2 0 |a kultúra 
610 2 0 |a prostredie životné 
610 2 0 |a ochrana prostredia životného 
610 2 0 |a spotrebitelia 
610 2 0 |a chudoba 
610 2 0 |a chudobní 
610 2 0 |a hlad 
610 2 0 |a krajiny rozvojové 
610 2 0 |a krajiny vyspelé 
610 2 0 |a spoločnosti nadnárodné 
100 1 |a Novotný, Josef